5HLuxD.jpg

KING HENRY VIII SENIOR AND PRIMARY SCHOOL LIBRARY OPAC

The Body Owner's Handbook (Record no. 3600)

000 -LEADER
fixed length control field 00948nam a22002297a 4500
005 - DATE AND TIME OF LATEST TRANSACTION
control field 20240228112353.0
008 - FIXED-LENGTH DATA ELEMENTS--GENERAL INFORMATION
fixed length control field 240228b ||||| |||| 00| 0 eng d
020 ## - INTERNATIONAL STANDARD BOOK NUMBER
International Standard Book Number 9781407144504
040 ## - CATALOGING SOURCE
Transcribing agency KH8
082 ## - DEWEY DECIMAL CLASSIFICATION NUMBER
Classification number 612 ARN
100 ## - MAIN ENTRY--PERSONAL NAME
Personal name Arnold, Nick
Relator term author
245 ## - TITLE STATEMENT
Title The Body Owner's Handbook
Statement of responsibility, etc. Nick Arnold
260 ## - PUBLICATION, DISTRIBUTION, ETC.
Place of publication, distribution, etc. London,
Name of publisher, distributor, etc. Scholastic Children's Books,
Date of publication, distribution, etc. 2014
300 ## - PHYSICAL DESCRIPTION
Extent 206 pages :
Other physical details illustrations ;
Dimensions 19 cm.
440 ## - SERIES STATEMENT/ADDED ENTRY--TITLE
Title Horrible science
520 ## - SUMMARY, ETC.
Summary, etc. Fans of 'Horrible Science' will enjoy discovering how their auto-repair function works and where their top-of-the-range sensory equipment is in the guide that nobody can do without. With a new cover look and extra horrible bits at the back of the book, this title is sure to reach a new generation of readers<br/>
650 ## - SUBJECT ADDED ENTRY--TOPICAL TERM
Topical term or geographic name entry element Children's nonfiction
650 ## - SUBJECT ADDED ENTRY--TOPICAL TERM
Topical term or geographic name entry element Human anatomy
650 ## - SUBJECT ADDED ENTRY--TOPICAL TERM
Topical term or geographic name entry element Human body
700 ## - ADDED ENTRY--PERSONAL NAME
Personal name De Saulles, Tony
Relator term Illustrator
942 ## - ADDED ENTRY ELEMENTS (KOHA)
Source of classification or shelving scheme
Koha item type Books - Non Ficton
Holdings
Withdrawn status Lost status Source of classification or shelving scheme Damaged status Not for loan Collection code Permanent Location Current Location Shelving location Date acquired Total Checkouts Full call number Barcode Date last seen Date last checked out Price effective from Koha item type
          Non-Fiction KH8 Primary School Library KH8 Primary School Library Non Fiction 2024-02-28 7 612 ARN KHPL000004499 2026-03-05 2026-02-26 2024-02-28 Books - Non Ficton

Powered By KH8 IT Dept